<?xml version="1.0" encoding="UTF-8"?>
<record
    xmlns:xsi="http://www.w3.org/2001/XMLSchema-instance"
    xsi:schemaLocation="http://www.loc.gov/MARC21/slim http://www.loc.gov/standards/marcxml/schema/MARC21slim.xsd"
    xmlns="http://www.loc.gov/MARC21/slim">

  <leader>00764nam a22002177a 4500</leader>
  <controlfield tag="005">20180124162224.0</controlfield>
  <datafield tag="010" ind1=" " ind2=" ">
    <subfield code="a">1718EN-30 ENG-122091</subfield>
  </datafield>
  <datafield tag="020" ind1=" " ind2=" ">
    <subfield code="a">9788175993303</subfield>
    <subfield code="c">1195.00</subfield>
  </datafield>
  <datafield tag="035" ind1=" " ind2=" ">
    <subfield code="a">B-682868-874</subfield>
  </datafield>
  <datafield tag="035" ind1=" " ind2=" ">
    <subfield code="a">EN-105623</subfield>
  </datafield>
  <datafield tag="037" ind1=" " ind2=" ">
    <subfield code="b">Aakar</subfield>
    <subfield code="a">dpl</subfield>
  </datafield>
  <datafield tag="037" ind1=" " ind2=" ">
    <subfield code="b">DBAD/PUB</subfield>
  </datafield>
  <datafield tag="082" ind1=" " ind2=" ">
    <subfield code="a">726.1450954</subfield>
  </datafield>
  <datafield tag="100" ind1=" " ind2=" ">
    <subfield code="a">Chopra, Tarun</subfield>
  </datafield>
  <datafield tag="245" ind1=" " ind2=" ">
    <subfield code="a">Temples of India / </subfield>
    <subfield code="c">by Tarun Chopra </subfield>
  </datafield>
  <datafield tag="260" ind1=" " ind2=" ">
    <subfield code="c">2016</subfield>
    <subfield code="a">New Delhi</subfield>
    <subfield code="b">Prakash Books</subfield>
  </datafield>
  <datafield tag="270" ind1=" " ind2=" ">
    <subfield code="a">113-A, Ansari Road, Darya Ganj, </subfield>
    <subfield code="b">New Delhi</subfield>
    <subfield code="e">110002</subfield>
  </datafield>
  <datafield tag="300" ind1=" " ind2=" ">
    <subfield code="c">23cm(Hb)</subfield>
    <subfield code="a">360p.</subfield>
  </datafield>
  <datafield tag="942" ind1=" " ind2=" ">
    <subfield code="c">EN</subfield>
    <subfield code="2">ddc</subfield>
    <subfield code="m">CHO</subfield>
    <subfield code="h">726.1450954</subfield>
  </datafield>
  <datafield tag="999" ind1=" " ind2=" ">
    <subfield code="c">146106</subfield>
    <subfield code="d">146106</subfield>
  </datafield>
  <datafield tag="952" ind1=" " ind2=" ">
    <subfield code="0">0</subfield>
    <subfield code="1">0</subfield>
    <subfield code="4">0</subfield>
    <subfield code="7">0</subfield>
    <subfield code="8">NFIC</subfield>
    <subfield code="a">L</subfield>
    <subfield code="b">L</subfield>
    <subfield code="d">2018-01-05</subfield>
    <subfield code="e">Aakar/I-2013/30.11.2017/BPPD/EN/2017-18/20.11.17/14.12.2017</subfield>
    <subfield code="g">1195.00</subfield>
    <subfield code="l">16</subfield>
    <subfield code="m">2</subfield>
    <subfield code="o">726.1450954 CHO</subfield>
    <subfield code="p">B-682868</subfield>
    <subfield code="q">2019-03-12</subfield>
    <subfield code="r">2019-02-26 00:00:00</subfield>
    <subfield code="s">2019-02-26</subfield>
    <subfield code="t">1</subfield>
    <subfield code="v">1195.00</subfield>
    <subfield code="y">EN</subfield>
  </datafield>
  <datafield tag="952" ind1=" " ind2=" ">
    <subfield code="0">0</subfield>
    <subfield code="1">0</subfield>
    <subfield code="4">0</subfield>
    <subfield code="7">0</subfield>
    <subfield code="8">NFIC</subfield>
    <subfield code="a">AV</subfield>
    <subfield code="b">AV</subfield>
    <subfield code="d">2018-01-05</subfield>
    <subfield code="e">Aakar/I-2013/30.11.2017/BPPD/EN/2017-18/20.11.17/14.12.2017</subfield>
    <subfield code="g">1195.00</subfield>
    <subfield code="l">7</subfield>
    <subfield code="m">3</subfield>
    <subfield code="o">726.1450954 CHO</subfield>
    <subfield code="p">B-682869</subfield>
    <subfield code="r">2025-01-07 00:00:00</subfield>
    <subfield code="s">2024-12-19</subfield>
    <subfield code="t">1</subfield>
    <subfield code="v">1195.00</subfield>
    <subfield code="y">EN</subfield>
  </datafield>
  <datafield tag="952" ind1=" " ind2=" ">
    <subfield code="0">0</subfield>
    <subfield code="1">0</subfield>
    <subfield code="4">0</subfield>
    <subfield code="7">0</subfield>
    <subfield code="8">NFIC</subfield>
    <subfield code="a">BL1</subfield>
    <subfield code="b">BL1</subfield>
    <subfield code="d">2018-01-05</subfield>
    <subfield code="e">Aakar/I-2013/30.11.2017/BPPD/EN/2017-18/20.11.17/14.12.2017</subfield>
    <subfield code="g">1195.00</subfield>
    <subfield code="l">2</subfield>
    <subfield code="o">726.1450954 CHO</subfield>
    <subfield code="p">B-682870</subfield>
    <subfield code="r">2025-01-22 00:00:00</subfield>
    <subfield code="s">2025-01-01</subfield>
    <subfield code="t">1</subfield>
    <subfield code="v">1195.00</subfield>
    <subfield code="y">EN</subfield>
  </datafield>
  <datafield tag="952" ind1=" " ind2=" ">
    <subfield code="0">0</subfield>
    <subfield code="1">0</subfield>
    <subfield code="4">0</subfield>
    <subfield code="7">0</subfield>
    <subfield code="8">NFIC</subfield>
    <subfield code="a">JP</subfield>
    <subfield code="b">JP</subfield>
    <subfield code="d">2018-01-05</subfield>
    <subfield code="e">Aakar/I-2013/30.11.2017/BPPD/EN/2017-18/20.11.17/14.12.2017</subfield>
    <subfield code="g">1195.00</subfield>
    <subfield code="l">10</subfield>
    <subfield code="m">4</subfield>
    <subfield code="o">726.1450954 CHO</subfield>
    <subfield code="p">B-682871</subfield>
    <subfield code="r">2024-05-28 00:00:00</subfield>
    <subfield code="s">2024-05-14</subfield>
    <subfield code="t">1</subfield>
    <subfield code="v">1195.00</subfield>
    <subfield code="y">EN</subfield>
  </datafield>
  <datafield tag="952" ind1=" " ind2=" ">
    <subfield code="0">0</subfield>
    <subfield code="1">0</subfield>
    <subfield code="4">0</subfield>
    <subfield code="7">0</subfield>
    <subfield code="8">NFIC</subfield>
    <subfield code="a">ZLS</subfield>
    <subfield code="b">ZLS</subfield>
    <subfield code="d">2018-01-05</subfield>
    <subfield code="e">Aakar/I-2013/30.11.2017/BPPD/EN/2017-18/20.11.17/14.12.2017</subfield>
    <subfield code="g">1195.00</subfield>
    <subfield code="l">7</subfield>
    <subfield code="m">7</subfield>
    <subfield code="o">726.1450954 CHO</subfield>
    <subfield code="p">B-682872</subfield>
    <subfield code="r">2019-12-27 00:00:00</subfield>
    <subfield code="s">2019-11-27</subfield>
    <subfield code="t">1</subfield>
    <subfield code="v">1195.00</subfield>
    <subfield code="y">EN</subfield>
  </datafield>
  <datafield tag="952" ind1=" " ind2=" ">
    <subfield code="0">0</subfield>
    <subfield code="1">0</subfield>
    <subfield code="4">0</subfield>
    <subfield code="7">0</subfield>
    <subfield code="8">NFIC</subfield>
    <subfield code="a">NR</subfield>
    <subfield code="b">NR</subfield>
    <subfield code="d">2018-01-05</subfield>
    <subfield code="e">Aakar/I-2013/30.11.2017/BPPD/EN/2017-18/20.11.17/14.12.2017</subfield>
    <subfield code="g">1195.00</subfield>
    <subfield code="l">0</subfield>
    <subfield code="o">726.1450954 CHO</subfield>
    <subfield code="p">B-682873</subfield>
    <subfield code="r">2018-01-05 00:00:00</subfield>
    <subfield code="t">1</subfield>
    <subfield code="v">1195.00</subfield>
    <subfield code="y">EN</subfield>
  </datafield>
  <datafield tag="952" ind1=" " ind2=" ">
    <subfield code="0">0</subfield>
    <subfield code="1">0</subfield>
    <subfield code="4">0</subfield>
    <subfield code="7">0</subfield>
    <subfield code="8">NFIC</subfield>
    <subfield code="a">BN</subfield>
    <subfield code="b">BN</subfield>
    <subfield code="d">2018-01-05</subfield>
    <subfield code="e">Aakar/I-2013/30.11.2017/BPPD/EN/2017-18/20.11.17/14.12.2017</subfield>
    <subfield code="g">1195.00</subfield>
    <subfield code="l">8</subfield>
    <subfield code="o">726.1450954 CHO</subfield>
    <subfield code="p">B-682874</subfield>
    <subfield code="r">2024-09-06 00:00:00</subfield>
    <subfield code="s">2024-08-24</subfield>
    <subfield code="t">1</subfield>
    <subfield code="v">1195.00</subfield>
    <subfield code="y">EN</subfield>
  </datafield>
  <datafield tag="952" ind1=" " ind2=" ">
    <subfield code="0">0</subfield>
    <subfield code="1">0</subfield>
    <subfield code="4">0</subfield>
    <subfield code="7">1</subfield>
    <subfield code="8">NFIC</subfield>
    <subfield code="a">DBAD</subfield>
    <subfield code="b">BN</subfield>
    <subfield code="d">2018-01-24</subfield>
    <subfield code="e">DBAD/PUB</subfield>
    <subfield code="g">1195.00</subfield>
    <subfield code="l">0</subfield>
    <subfield code="o">726.1450954 CHO</subfield>
    <subfield code="p">EN-105623</subfield>
    <subfield code="r">2018-01-24 00:00:00</subfield>
    <subfield code="t">1</subfield>
    <subfield code="v">1195.00</subfield>
    <subfield code="y">EN</subfield>
  </datafield>
</record>
